| 000 | 02591nam0a2200397 4500 | ||
|---|---|---|---|
| 001 | RU\NLR\BIBL_A\022121784 | ||
| 005 | 20260420000937.0 | ||
| 010 |
_a978-5-8333-1243-8 _970 |
||
| 021 |
_aRU _bКН-П-23-077479 _9КН-П-23-7834 |
||
| 035 | _a(NLR Aleph) 022121784 | ||
| 090 |
_a13658699 _c13658699 |
||
| 100 | _a20240201d2023 u y0rusy50 ca | ||
| 101 | 0 | _arus | |
| 102 | _aRU | ||
| 105 | _aа|||j|||000yy | ||
| 181 | 0 |
_ai3 _baxxe |
|
| 182 | 0 | _an | |
| 200 | 1 |
_aОрганизация движения _eучебное пособие _eдля студентов направления подготовки 23.03.01 Технология транспортных процессов, магистрантов, аспирантов _fТ. В. Коновалова, И. Н. Котенкова, С. Л. Надирян, И. С. Сенин _gМинистерство науки и высшего образования Российской Федерации, Федеральное государственное бюджетное образовательное учреждение высшего образования "Кубанский государственный технологический университет" |
|
| 203 |
_aТекст _bвизуальный _cнепосредственный |
||
| 210 |
_aКраснодар _cКубанский государственный технологический университет _d2023 |
||
| 215 |
_a283 с. _cил., табл., цв. ил. _d21 |
||
| 300 | _aАвт. указаны на обороте тит. с. | ||
| 300 | _aНа тит. с.: Кубан. гос. технол. ун-т, 105 лет | ||
| 320 | _aБиблиогр.: с. 281-283 (43 назв.) | ||
| 606 | 1 |
_aАвтомобильный транспорт _xОрганизация движения _jУчебные издания для высших учебных заведений _2nlr_sh1 _2nlr_sh2 _3RU\NLR\AUTH\668296 |
|
| 686 | 1 | _aО380.2я73-1 | |
| 701 | 1 |
_aКоновалова _bТ. В. _gТатьяна Вячеславовна |
|
| 701 | 1 |
_aКотенкова _bИ. Н. _gИрина Николаевна |
|
| 701 | 1 |
_aНадирян _bС. Л. _gСофия Левоновна |
|
| 701 | 1 |
_aСенин _bИ. С. _gИван Сергеевич |
|
| 712 | 0 | 2 |
_aКубанский государственный технологический университет _cКраснодар _3RU\NLR\AUTH\887350 _4475 |
| 942 | _cBOOK | ||
| 980 | _aNB | ||